000 00328nam a2200133Ia 4500
008 240112s1969 JAN-OCT xx 000 0 und d
041 _aeng
082 _a617.303
100 _aRICHARD D.
245 _aSEMINAR IN ROENTGENOLOGY
260 _bseminars in roent
_c1969 JAN-OCT
300 _a394,hb
_c(1-4)
440 _v4
999 _c1142297
_d1142297